000 00302nam a2200133Ia 4500
005 20251222143230.0
008 251222s9999||||xx |||||||||||||| ||spa||
020 _a978-84-252-2478-2
082 _a659.11/M16
100 _aMahon, Nik
245 0 _aIdeación:
264 _bGustavio Gili
942 _cLIB
999 _c14144
_d14144